000 00786nam a2200229 a 4500
001 BRCA_8960
005 20190320210455.0
008 050717s1789----sp-#######---#000-0#lat-#
041 _aspa
044 _alat
084 _aBE151
_b.S25 1789
100 1 _aSala, Joannis
_d1731-1806
_922260
245 1 0 _aInstitutiones romano-hispanae ad usum tironum hispanorum ordinatae
_copera Joannis Sala, praepositi valentini.
260 _aValentiae
_bTypis Salvatoris Faulí
_c1789
300 _a[2], 486 p. (t.2)
_c21.8 x 15.8 cm
500 _aEstado físico: presenta encuadernación en pergamino
500 _aSuperiorum permissu
650 1 4 _aDerecho
_yObras anteiores a 1800
_zEspaña
_922261
650 1 4 _aDerecho romano
_yObras anteiores a 1800
_922262
902 _aCFM
942 _2lcc
_cB
999 _c8611
_d8611